Sotrudničestvo Jugoslavii i JEAST v oblasti turizma.

Európske združenie voľného obchodu (EFTA) ešte nie je medzi občanmi Juhoslávie veľmi známe. Keď si uvedomíme, že jeho členmi sú: Rakúsko, Švajčiarsko, Nórsko, Fínsko, Švédsko a Island, potom je zrejmé, že sú to významní partneri Juhoslávie najmä v oblasti cestovného ruchu - údaje. V r. 1990 poskytlo...

Descrizione completa

Salvato in:
Dettagli Bibliografici
Autore principale: Popovic, M.
Natura: Capitolo di libro
Lingua:russo
Soggetti:
Tags: Aggiungi Tag
Nessun Tag, puoi essere il primo ad aggiungerne!!

MARC

LEADER 00000naa a2200000 4500
001 r002393
005 20220819192830.4
041 0 |a rus 
044 |a [YU] 
245 1 0 |a Sotrudničestvo Jugoslavii i JEAST v oblasti turizma.  |c M. Popovic 
520 |a Európske združenie voľného obchodu (EFTA) ešte nie je medzi občanmi Juhoslávie veľmi známe. Keď si uvedomíme, že jeho členmi sú: Rakúsko, Švajčiarsko, Nórsko, Fínsko, Švédsko a Island, potom je zrejmé, že sú to významní partneri Juhoslávie najmä v oblasti cestovného ruchu - údaje. V r. 1990 poskytlo združenie Juhoslávii 100 mil. dol. na rozvoj cestovného ruchu a chce pomáhať pri školení pracovníkov v turistike. 
610 2 0 |a ruch cestovný 
610 2 0 |a turistika 
610 2 0 |a EZVO 
610 2 0 |a SFRJ 
610 2 0 |a údaje štatistické 
610 2 0 |a 1990 
100 1 |a Popovic, M.